Una idea nueva para Europa: la declaración Schuman 1950 - 1990
Zapisane w:
| 1. autor: | |
|---|---|
| Format: | Książka |
| Język: | hiszpański |
| Wydane: |
Luxemburgo
Oficina de Publicaciones Oficiales de las Comunidades Europeas
1990
|
| Seria: | Serie Documentación Europea
|
| Hasła przedmiotowe: | |
| Etykiety: |
Dodaj etykietę
Nie ma etykietki, Dołącz pierwszą etykiete!
|
MARC
| LEADER | 00000nam a2200000 a 4500 | ||
|---|---|---|---|
| 001 | UCX4551 | ||
| 003 | CL-VaPUC | ||
| 008 | 920610e19900000LU |||||||||||||||||spa|d | ||
| 082 | 0 | 4 | |a 337.142 |b FON |2 21 |
| 100 | 0 | |a Fontaine, Pascal |e author |9 320733 | |
| 245 | 1 | 4 | |a Una idea nueva para Europa: la declaración Schuman 1950 - 1990 |
| 300 | |a 49 p | ||
| 942 | |c BK | ||
| 945 | |d 19920610 00:00:00 | ||
| 260 | |a Luxemburgo |b Oficina de Publicaciones Oficiales de las Comunidades Europeas |c 1990 | ||
| 600 | 0 | 7 | |a UNION EUROPEA |2 CL-VaPUC |9 320734 |
| 600 | 0 | 7 | |a SCHUMAN, ROBERT |2 CL-VaPUC |9 320735 |
| 650 | 7 | |a COMUNIDADES EUROPEAS |2 CL-VaPUC |9 320736 | |
| 650 | 7 | |a PLAN SCHUMAN |2 CL-VaPUC |9 320737 | |
| 583 | |a last modification |c 19920610 00:00:00 |k Rodrigo Vera | ||
| 490 | 0 | |a Serie Documentación Europea | |
| 999 | |c 224985 |d 224983 | ||
| 952 | |0 0 |1 0 |4 0 |6 337_142000000000000_FON_1990 |7 0 |8 A |9 222118 |a BIBENE |b BIBENE |d 2019-11-15 |i 2909650 |o 337.142 FON 1990 |p 2909650 |r 2025-01-15 |w 2019-11-15 |y BK |k ICO | ||
| 952 | |0 0 |1 0 |4 0 |6 337_142000000000000_FON_1990 |7 0 |8 A |9 222119 |a BIBENE |b BIBENE |d 2019-11-15 |i 3162338 |o 337.142 FON 1990 |p 3162338 |r 2025-01-15 |w 2019-11-15 |y BK |k ICO | ||